000 00637nam a2200205 a 4500
003 MX-MxUPN
005 20240611101016.0
008 991125s1907 mx a r 000 0 spa d
035 _aUPN01000041531
040 _aMX-MxUPN
_bspa
_cMX-MxUPN
041 0 _aspa
050 1 4 _aLB1645 M6
_bN62
245 0 0 _aNociones de geometría práctica escritas por un maestro potosino
260 _aMéxico :
_bLibrería de la Vda. de C. Bouret,
_c1907
300 _a103 páginas :
_bilustraciones
650 4 _aGeometría
_xEstudio y enseñanza
_919027
650 4 _aGeometría
_vLibros de texto
_944735
904 _aAC
_b041533
942 _2lcc
_cLIBRO
999 _c41531
_d41531